000
00304nam a22001337a 4500
020
_a
817826176-6
082
_a
823
_b
HOP/P
100
_a
ANTHONY HOPE
245
_a
THE PRISONER OF ZENDA
260
_a
DELHI
_b
ROHAN BOOK COMPANY
_c
2003
300
_a
188
650
_a
MODERN ILLUSTRATED CLASSICS
942
_c
BK
999
_c
425
_d
425